[Event "GRE-chT Online Rapid op 1st"]
[Site "Tornelo INT"]
[Date "2021.02.21"]
[Round "6.10"]
[White "Mihtis, Theodoros"]
[Black "Nikolaidou, Maria"]
[Result "1-0"]
[WhiteElo "1690"]
[BlackElo "1295"]
[PlyCount "83"]
[EventDate "2021.02.20"]
[EventType "team-swiss (rapid)"]
[EventRounds "9"]
[EventCountry "GRE"]
[SourceTitle "EXT 2023"]
[Source "ChessBase"]
[SourceDate "2022.10.05"]
[SourceVersion "1"]
[SourceVersionDate "2022.10.05"]
[SourceQuality "1"]

1. Nf3 Nf6 2. g3 g6 3. Bg2 Bg7 4. 0-0 0-0 5. c4 d6 6. Qc2 e5 7. d3 Nbd7 8. b3 a5 9. Bb2 Nh5 10. Nbd2 f5 11. e4 f4 12. d4 Qe7 13. c5 dxc5 14. dxe5 Ra6 15. Rac1 Nxe5 16. Nxe5 Bxe5 17. Bxe5 Qxe5 18. Qxc5 Qxc5 19. Rxc5 Rf7 20. Rfc1 fxg3 21. hxg3 Raf6 22. Rxc7 Bd7 23. Rf1 Bb5 24. Rxf7 Rxf7 25. Rc1 Bc6 26. Nc4 Re7 27. Nxa5 Bxe4 28. Bxe4 Rxe4 29. Nxb7 Re7 30. Nc5 Re5 31. b4 Re2 32. a4 Nf6 33. b5 Nd5 34. Rb1 Rc2 35. Nd7 Nc7 36. b6 Na6 37. b7 Ra2 38. b8Q+ Nxb8 39. Rxb8+ Kf7 40. Ra8 Ke6 41. Nf8+ Kf7 42. Nxh7 1-0

[Event "Skopje Karposh op"]
[Site "Skopje"]
[Date "2012.04.11"]
[Round "6"]
[White "Konstantinov, Aleksandar1"]
[Black "Mihtis, Theodoros"]
[Result "0-1"]
[WhiteElo "1748"]
[BlackElo "1746"]
[PlyCount "36"]
[EventDate "2012.04.07"]
[EventType "swiss"]
[EventRounds "9"]
[EventCountry "MKD"]
[SourceTitle "CBM 147 Extra"]
[Source "ChessBase"]
[SourceDate "2012.04.24"]
[SourceVersion "1"]
[SourceVersionDate "2012.04.24"]
[SourceQuality "1"]

1. e4 Nf6 2. d3 d5 3. Nd2 Bg4 4. Be2 Bxe2 5. Qxe2 e6 6. Ngf3 Be7 7. 0-0 c5 8. Re1 Nc6 9. Nf1 Rc8 10. c3 b5 11. Ng3 c4 12. dxc4 dxc4 13. Bf4 0-0 14. Red1 Qb6 15. Nd4 Bc5 16. Be3 Ne5 17. Nc2 Bxe3 18. Nxe3 Nd3 0-1

[Event "Skopje Karposh op"]
[Site "Skopje"]
[Date "2012.04.08"]
[Round "2"]
[White "Mihtis, Theodoros"]
[Black "Arat, Ufuk Sezen"]
[Result "0-1"]
[WhiteElo "1746"]
[BlackElo "2089"]
[PlyCount "46"]
[EventDate "2012.04.07"]
[EventType "swiss"]
[EventRounds "9"]
[EventCountry "MKD"]
[SourceTitle "CBM 147 Extra"]
[Source "ChessBase"]
[SourceDate "2012.04.24"]
[SourceVersion "1"]
[SourceVersionDate "2012.04.24"]
[SourceQuality "1"]

1. d4 Nf6 2. Bf4 d6 3. Nf3 Nbd7 4. e3 Nh5 5. Bg5 h6 6. Bh4 g5 7. Nfd2 Ndf6 8. Be2 Ng7 9. Bg3 Nf5 10. c4 Bg7 11. Nc3 e6 12. Rc1 Qe7 13. 0-0 h5 14. h3 g4 15. h4 Nh7 16. c5 Nxg3 17. fxg3 dxc5 18. dxc5 Qxc5 19. Qa4+ Bd7 20. Qf4 0-0 21. Nce4 Qe5 22. Qf2 Bc6 23. Nc5 Bd5 0-1

[Event "Aegean op 33rd"]
[Site "Aghios Kirykos"]
[Date "2010.07.20"]
[Round "8"]
[White "Mihtis, Theodoros"]
[Black "Karamalis, Georgios"]
[Result "0-1"]
[WhiteElo "1728"]
[BlackElo "2084"]
[PlyCount "64"]
[EventDate "2010.07.13"]
[EventType "swiss"]
[EventRounds "9"]
[EventCountry "GRE"]
[SourceTitle "CBM 137 Extra"]
[Source "ChessBase"]
[SourceDate "2010.09.01"]
[SourceVersion "1"]
[SourceVersionDate "2010.09.01"]
[SourceQuality "1"]

1. d4 d5 2. Bf4 Nf6 3. e3 e6 4. Nd2 Bd6 5. Bxd6 Qxd6 6. f4 c5 7. c3 cxd4 8. cxd4 Bd7 9. Bd3 Nc6 10. a3 0-0 11. Ngf3 Rfc8 12. 0-0 Rc7 13. Ne5 Rac8 14. Qf3 Ne7 15. g4 Be8 16. Qh3 Ng6 17. g5 Nd7 18. Qg3 Ndxe5 19. fxe5 Qb6 20. Rab1 Bb5 21. Bxb5 Qxb5 22. Rf2 Rc1+ 23. Rxc1 Rxc1+ 24. Nf1 Ne7 25. h4 Rb1 26. Qf4 Nf5 27. Rc2 Qxf1+ 28. Qxf1 Rxf1+ 29. Kh2 h6 30. gxh6 gxh6 31. Rc8+ Kg7 32. h5 Rf2+ 0-1